000 00557nam a2200169 a 4500
001 000040610
003 DO-SdBNP
005 20250714140106.0
008 130903s2000 000 spa d
040 _aDO-SdBNP
_bspa
_cBNPHU
082 4 _axx
_222
245 0 4 _aLos padres de la patria y la Independencia Nacional :
_breinauguración de la sala Filatélica
260 _aSanto Domingo :
_bBanco Central de la República Dominicana,
_c2000.
300 _a18 p. ;
_c22 cm.
710 2 _aBanco Central de la República Dominicana
_983405
942 _2ddc
_cLBS1
999 _c40100
_d40100